Quiz de Honduras - Statistics

Estatísticas Gerais
  • Esse quiz foi jogado 618 vezes
  • A pontuação média é 9 de 18
Estatísticas das Respostas
Dica Resposta % Correto
Língua oficial Espanhol
97%
Países fazendo fronteira com Honduras Guatemala
90%
Países fazendo fronteira com Honduras Nicarágua
90%
Países fazendo fronteira com Honduras El Salvador
89%
Mar fazendo fronteira com Honduras Caribe
83%
Capital de Honduras Tegucigalpa
72%
Civilização que construiu a cidade de Copán, cuja ruinas são um Patrimônio Mundial da UNESCO Maias
71%
Primeiro europeu a chegar em Honduras Cristóvão Colombo
61%
Termo para um país instável e corrupto explorado por empresas de frutas (originalmente criado para descrever Honduras) República das {banana}s
55%
Os três tipos de macacos que podem ser encontrados em Honduras (nomeie qualquer um) Aranha | Uivador | Cebíneos
41%
Pequena guerra que aconteceu em 1969 contra um país vizinho Guerra do {Futebol}
40%
O que supostamente cai do céu sobre a cidade de Yoro anualmente durante a "Lluvia de Peces"? Peixes
39%
Golfos oceânicos fazendo fronteira com Honduras Golfo de {Honduras}
31%
Segunda maior cidade San Pedro Sula
22%
Moeda oficial Lempira
21%
Golfos oceânicos fazendo fronteira com Honduras Golfo de {Fonseca}
19%
Significado da palavra "Honduras" na língua acima Profundidades
14%
Pássaro nacional Arara{canga}
9%
Nenhum quiz correspondente encontrado
Distribuição das Pontuações
Porcentagem de Pessoas com Cada Pontuação
Percentil de Números Respondidos
Sua Pontuação Histórica
Você não jogou esse quiz